The great ideas: a syntopicon of great books of the western world
Sparad:
| Huvudupphovsman: | |
|---|---|
| Materialtyp: | Bok |
| Språk: | Spanish |
| Publicerad: |
Chicago :
Encyclopaedia Britannica,
c 1952.
|
| Serie: | Great books Western World ;
v.3 |
| Ämnen: | |
| Taggar: |
Lägg till en tagg
Inga taggar, Lägg till första taggen!
|
MARC
| LEADER | 00000nam a22000007a 4500 | ||
|---|---|---|---|
| 008 | 240430b |||||||| |||| 00| 0 spa d | ||
| 090 | |a R-413 A-1g v.3 BRI | ||
| 100 | |a Adler, Mortimer Jerome, editor |d 1902-2001 |9 2442 | ||
| 130 | |a The great ideas |p v.2 |9 2444 | ||
| 245 | |a The great ideas: |b a syntopicon of great books of the western world |c Mortimer J. Adler, William Gorman, editores | ||
| 260 | |a Chicago : |b Encyclopaedia Britannica, |c c 1952. | ||
| 300 | |a ix, 1303 |b volúmenes | ||
| 490 | |a Great books Western World ; |v v.3 | ||
| 650 | 0 | |a REFERENCIA |a ENCICLOPAEDIA |a LITERATURA |9 27 |x HISTORIA Y CRITICA | |
| 942 | |2 z |c REF |j REF | ||
| 999 | |c 31111 |d 31111 | ||
